00546cam a2200193ua 45000010005000000080039000050400009000440410012000530820012000651000021000772450028000982500009001262600041001353000016001766530028001929420007002209990015002279520110002422750131128n1986 II |||gr||||Z||||||eng aMAIN aEnglish a327 MEL aMELKOTA, RAMA S. aINTERNATIONAL RELATIONS a2ND. aNEW DELHIbSTERLING PUBLISHERSc1986 a232:c20CM. aInternational relations cBK c2744d2744 001040708TBPSCaMAINbMAINcPS#d1989-09-11o327 MELp10912r2020-02-27 00:00:00t1w2020-02-27yBKzV